Statistics for Two Letter Answers #2

Click here to take the quiz!

General Stats

  • This quiz has been taken 58,284 times
    (20,864 since last reset)
  • The average score is 17 of 24

Answer Stats

ClueAnswer% Correct
Déjà __Vu
95%
This symbol: @At
94%
Male pronounHe
92%
Spaniard's yesSi
92%
Nyet, neinNo
88%
Alien in a bicycle basketE.T.
87%
Consume too much medicationOD
83%
I ♥ this cityNY
82%
Thatcher or ChurchillPM
80%
Chemical symbol of leadPb
79%
In the year of our LordAD
77%
To existBe
77%
Marvel's greatest rivalDC
77%
__ and beholdLo
73%
A billion bytesGB
70%
Country code for GermanyDE
69%
What Tyson did to SpinksKO
64%
Stereotypical ending of a Canadian sentenceEh
58%
Toronto's tallest towerCN
55%
Its parliament is in StrasbourgEU
53%
Second-most common last name in ChinaLi
49%
Science fiction author WellsH.G.
46%
Author MilneA.A.
38%
Prefix which can come before noble or niteIg
31%

Score Distribution

Percentile by Number Answered

Percent of People with Each Score

Your Score History

You have not taken this quiz since the last reset